[Event "ICS rated bullet match"]
[Site "204.178.125.65"]
[Date "2001.07.15"]
[Round "?"]
[White "Master-Shady"]
[Black "Hossa"]
[Result "0-1"]
[WhiteElo "1677"]
[BlackElo "2572"]
[PlyCount "48"]
[EventDate "2001.??.??"]

1. e4 e5 2. Nf3 Nf6 3. Nc3 Nc6 4. Bb5 Nd4 5. Nxd4 exd4 6. Nd5 Nxd5 7. exd5 Qe7+
8. Qe2 a6 9. Qxe7+ Kxe7 10. Be2 Kf6 11. Bf3 d3 12. cxd3 Bc5 13. a3 Re8+ 14. Kf1
d6 15. b4 Bd4 16. Rb1 Bf5 17. Be2 Ke5 18. Bb2 Bxb2 19. Rxb2 Kd4 20. g4 Bxd3 21.
Bxd3 Kxd3 22. Kg2 Kd4 23. Rbb1 Kxd5 24. Rhe1 Re6 {Master-Shady resigns} 0-1

[Event "ICS rated bullet match"]
[Site "204.178.125.65"]
[Date "2001.07.15"]
[Round "?"]
[White "EroeInrico"]
[Black "Hossa"]
[Result "0-1"]
[WhiteElo "2051"]
[BlackElo "2572"]
[PlyCount "84"]
[EventDate "2001.??.??"]

1. e4 c6 2. d4 d5 3. Nd2 dxe4 4. Nxe4 Bf5 5. Ng3 Bg6 6. Nf3 e6 7. h4 h6 8. h5
Bh7 9. Bd3 Bxd3 10. Qxd3 Bd6 11. Bd2 Nf6 12. O-O-O Bxg3 13. fxg3 b5 14. Ne5 Qd5
15. Kb1 Qxg2 16. Bf4 a5 17. Qc3 O-O 18. Rhf1 Nxh5 19. Bc1 b4 20. Qe3 Qxg3 21.
Rf3 Qg5 22. Qf2 Qe7 23. Rg1 b3 24. Bxh6 bxc2+ 25. Kxc2 Na6 26. Bxg7 Nxg7 27.
Qg3 Nb4+ 28. Kb1 f5 29. Ng6 Qf6 30. Nxf8 Rxf8 31. Rf4 Nd5 32. Rh4 Kf7 33. Qh3
Ke8 34. Rh7 Rg8 35. Qh6 Qxh6 36. Rxh6 Ke7 37. Rhg6 Kf7 38. R6g3 f4 39. Rg4 f3
40. Rf1 Nf5 41. Rxf3 Rxg4 42. Rxf5+ exf5 {EroeInrico resigns} 0-1

[Event "ICS rated bullet match"]
[Site "204.178.125.65"]
[Date "2001.07.15"]
[Round "?"]
[White "Hossa"]
[Black "EroeInrico"]
[Result "1-0"]
[WhiteElo "2574"]
[BlackElo "2049"]
[PlyCount "63"]
[EventDate "2001.??.??"]

1. d4 Nf6 2. c4 e6 3. Nc3 c5 4. d5 exd5 5. cxd5 d6 6. e4 g6 7. f4 Bg7 8. Bb5+
Nfd7 9. Nf3 O-O 10. O-O Na6 11. Bxa6 bxa6 12. Re1 Re8 13. Qc2 Nb6 14. Be3 Rb8
15. Qd3 c4 16. Qc2 Qc7 17. Bd4 Bg4 18. Bxg7 Kxg7 19. Nd4 Bd7 20. Qf2 Nc8 21. f5
g5 22. f6+ Kh8 23. Qd2 h6 24. Re3 Rg8 25. Qe2 Rg6 26. Rf1 Nb6 27. Rg3 Rbg8 28.
Qd2 Qd8 29. Qf2 Qe8 30. Kh1 Qe5 31. Rf3 Be8 32. Rf5 {EroeInrico resigns} 1-0

[Event "ICS rated bullet match"]
[Site "204.178.125.65"]
[Date "2001.07.15"]
[Round "?"]
[White "EroeInrico"]
[Black "Hossa"]
[Result "0-1"]
[WhiteElo "2048"]
[BlackElo "2575"]
[PlyCount "112"]
[EventDate "2001.??.??"]

1. d4 d5 2. Nf3 Nc6 3. Bf4 Nf6 4. e3 Nh5 5. Bg5 h6 6. Bh4 g5 7. Bg3 Nxg3 8.
hxg3 Bg7 9. c3 a6 10. Bd3 Bg4 11. Nbd2 e5 12. dxe5 Nxe5 13. Be2 Nxf3+ 14. Nxf3
Qd7 15. Qd3 Bf5 16. Qd2 O-O-O 17. Bd3 Be4 18. O-O-O Qa4 19. Kb1 Kb8 20. Qc2
Qxc2+ 21. Kxc2 f5 22. Nd2 Bxg2 23. Rh2 Be4 24. f3 Bxd3+ 25. Kxd3 Rde8 26. Rdh1
Be5 27. f4 Bg7 28. Nf3 gxf4 29. exf4 Re6 30. Nd4 Bxd4 31. Kxd4 Re4+ 32. Kd3 Rg8
33. Rxh6 Rxg3+ 34. Kc2 Rg2+ 35. Kb3 Rxf4 36. Rh8+ Ka7 37. Rd8 c6 38. Rhh8 Rff2
39. Kb4 Rxb2+ 40. Kc5 Rb5+ 41. Kd6 Rxa2 42. Rd7 Rc2 43. Rhh7 Rxc3 44. Rc7 f4
45. Rcf7 f3 46. Rh3 Rbb3 47. Rg3 a5 48. Rg1 a4 49. Rf1 Kb6 50. Rf2 a3 51. Ra2
Rb2 52. Ra1 a2 53. Rf4 f2 54. Ra4 Rb1 55. Rxb1+ axb1=Q 56. Ra6+ bxa6 {
EroeInrico resigns} 0-1

[Event "ICS rated bullet match"]
[Site "204.178.125.65"]
[Date "2001.07.15"]
[Round "?"]
[White "Hossa"]
[Black "EroeInrico"]
[Result "1-0"]
[WhiteElo "2576"]
[BlackElo "2047"]
[PlyCount "77"]
[EventDate "2001.??.??"]

1. d4 Nf6 2. c4 e6 3. Nc3 b6 4. e4 Bb7 5. f3 d5 6. cxd5 exd5 7. Bg5 Be7 8. e5
Nfd7 9. Bxe7 Qxe7 10. Nb5 Nf8 11. Qc2 c6 12. Nd6+ Kd8 13. Nxb7+ Qxb7 14. Bd3
Ne6 15. Ne2 Nd7 16. b4 b5 17. O-O Nb6 18. Rfc1 Nc4 19. f4 g6 20. a4 a6 21. g3
Ke7 22. Qc3 h5 23. a5 h4 24. g4 Rh6 25. f5 gxf5 26. Bxf5 Rg8 27. Rf1 Ng5 28.
Nf4 Ne4 29. Qd3 Qc7 30. Ra2 Qb7 31. Bxe4 dxe4 32. Qxe4 Rxg4+ 33. Kh1 Rh8 34.
Nd5+ cxd5 35. Qxg4 Ne3 36. Qg5+ Ke6 37. Rf6+ Kd7 38. Rxf7+ Kc8 39. Rxb7 {
EroeInrico resigns} 1-0

[Event "ICS rated bullet match"]
[Site "204.178.125.65"]
[Date "2001.07.15"]
[Round "?"]
[White "EroeInrico"]
[Black "Hossa"]
[Result "0-1"]
[WhiteElo "2046"]
[BlackElo "2577"]
[PlyCount "56"]
[EventDate "2001.??.??"]

1. e4 e5 2. Nf3 Nc6 3. d4 exd4 4. Nxd4 Nf6 5. Nc3 Bb4 6. Nxc6 Bxc3+ 7. bxc3
bxc6 8. Bg5 h6 9. Bh4 Qe7 10. Bd3 g5 11. Bg3 Nxe4 12. O-O f5 13. Re1 Kd8 14. f3
Qc5+ 15. Kh1 Nxg3+ 16. hxg3 d5 17. Qe2 Qd6 18. c4 d4 19. c3 c5 20. cxd4 cxd4
21. Rad1 c5 22. Rb1 h5 23. Rb5 h4 24. Reb1 hxg3+ 25. Kg1 Rh1+ 26. Kxh1 Qh6+ 27.
Kg1 Qh2+ 28. Kf1 Qh1# {EroeInrico checkmated} 0-1

[Event "ICS rated blitz match"]
[Site "204.178.125.65"]
[Date "2001.07.15"]
[Round "?"]
[White "pmg"]
[Black "Hossa"]
[Result "1/2-1/2"]
[WhiteElo "2128"]
[BlackElo "2658"]
[PlyCount "186"]
[EventDate "2001.??.??"]

1. e4 e5 2. Nf3 Nc6 3. d4 exd4 4. Bc4 Nf6 5. O-O Nxe4 6. Re1 d5 7. Bxd5 Qxd5 8.
Nc3 Qh5 9. Nxe4 Be6 10. Bg5 Bb4 11. Nxd4 Qxd1 12. Rexd1 Nxd4 13. Rxd4 Be7 14.
Bxe7 Kxe7 15. Nc5 Rhd8 16. Nxe6 fxe6 17. Rad1 Rxd4 18. Rxd4 c5 19. Rd3 b5 20.
b3 c4 21. Rd4 cxb3 22. cxb3 Rc8 23. Kf1 Rc2 24. a4 Rb2 25. axb5 Rxb3 26. Ra4
Rxb5 27. Rxa7+ Kf6 28. g3 Rc5 29. Kg2 Rc3 30. h4 h6 31. Rb7 Rd3 32. Ra7 g6 33.
Rh7 h5 34. Ra7 Rb3 35. Rc7 Ra3 36. Rb7 Rc3 37. Ra7 Rc8 38. Rb7 Ra8 39. f3 Ra2+
40. Kh3 Rf2 41. f4 Ra2 42. Rc7 Rd2 43. Rb7 Rf2 44. Ra7 Rc2 45. Rb7 Re2 46. Rh7
e5 47. fxe5+ Rxe5 48. Ra7 Rd5 49. Rb7 g5 50. hxg5+ Kxg5 51. Rg7+ Kh6 52. Ra7
Kg5 53. Rb7 Ra5 54. Rc7 Re5 55. Ra7 Re1 56. Rc7 Rh1+ 57. Kg2 Rd1 58. Rc5+ Kg4
59. Rc4+ Kg5 60. Ra4 Rd2+ 61. Kh3 Rd5 62. Ra8 Rc5 63. Rg8+ Kf6 64. Rh8 Kg7 65.
Rb8 Kh6 66. Rb6+ Kg5 67. Rb7 Rf5 68. Rb8 Rf1 69. Rb7 Rh1+ 70. Kg2 Rc1 71. Rb5+
Kg4 72. Rb4+ Kg5 73. Rb5+ Kg4 74. Rb4+ Kg5 75. Rb5+ Kg4 76. Rb4+ Kg5 77. Rb5+
Kg4 78. Rb4+ Kg5 79. Rb5+ Kg4 80. Rb4+ Kg5 81. Rb5+ Kg4 82. Rb4+ Kg5 83. Rb5+
Kg4 84. Rb4+ Kg5 85. Rb5+ Kg4 86. Rb4+ Kg5 87. Rb5+ Kg4 88. Rb4+ Kg5 89. Rb5+
Kg4 90. Rb4+ Kg5 91. Rb5+ Kg4 92. Rb4+ Kg5 93. Rb5+ Kg4 {
Game drawn by repetition} 1/2-1/2

[Event "ICS rated blitz match"]
[Site "204.178.125.65"]
[Date "2001.07.15"]
[Round "?"]
[White "Hossa"]
[Black "mambrino"]
[Result "1-0"]
[WhiteElo "2643"]
[BlackElo "2132"]
[PlyCount "26"]
[EventDate "2001.??.??"]

1. e4 c5 2. c3 Nf6 3. e5 Nd5 4. Nf3 e6 5. Bc4 Nb6 6. Bb5 a6 7. Be2 d6 8. O-O
Bd7 9. d4 cxd4 10. exd6 Bxd6 11. Qxd4 Bf8 12. Rd1 Qc7 13. Bf4 Qc8 {
mambrino resigns} 1-0

[Event "ICS rated blitz match"]
[Site "204.178.125.65"]
[Date "2001.07.15"]
[Round "?"]
[White "Hossa"]
[Black "mambrino"]
[Result "1-0"]
[WhiteElo "2647"]
[BlackElo "2128"]
[PlyCount "50"]
[EventDate "2001.??.??"]

1. e4 c5 2. Nf3 Nc6 3. d4 cxd4 4. Nxd4 Nf6 5. Nc3 e5 6. Ndb5 d6 7. Bg5 a6 8.
Na3 b5 9. Bxf6 gxf6 10. Nd5 f5 11. c3 Bg7 12. exf5 Bxf5 13. Nc2 Be6 14. a4 O-O
15. axb5 axb5 16. Rxa8 Qxa8 17. Nce3 b4 18. Be2 bxc3 19. bxc3 Qb7 20. O-O Nd4
21. cxd4 Bxd5 22. dxe5 Bb3 23. Qd3 dxe5 24. Rb1 Rb8 25. Nf5 Qb4 {
mambrino resigns} 1-0

[Event "ICS rated blitz match"]
[Site "204.178.125.65"]
[Date "2001.07.15"]
[Round "?"]
[White "mambrino"]
[Black "Hossa"]
[Result "0-1"]
[WhiteElo "2126"]
[BlackElo "2649"]
[PlyCount "68"]
[EventDate "2001.??.??"]

1. e4 e5 2. Nf3 Nc6 3. Bb5 a6 4. Ba4 Nf6 5. O-O b5 6. Bb3 Bb7 7. Re1 Bc5 8. h3
a5 9. c3 a4 10. Bc2 O-O 11. d4 Bd6 12. Bg5 Re8 13. a3 h6 14. Bh4 Ba6 15. d5 Na5
16. Nbd2 Nb7 17. c4 Nc5 18. cxb5 Bxb5 19. Rc1 Rb8 20. Nb1 Ba6 21. Nc3 Rxb2 22.
Nxa4 Nxa4 23. Bxa4 Ra2 24. Ra1 Rxa3 25. Rxa3 Bxa3 26. Bxf6 Qxf6 27. Bxd7 Rb8
28. Qa4 Bb2 29. Bc6 Rb6 30. Rb1 Be2 31. Nd2 Bd4 32. Rxb6 Qxf2+ 33. Kh2 Qg1+ 34.
Kg3 Bf2# {mambrino checkmated} 0-1

[Event "ICS rated blitz match"]
[Site "204.178.125.65"]
[Date "2001.07.15"]
[Round "?"]
[White "Hossa"]
[Black "mambrino"]
[Result "1-0"]
[WhiteElo "2651"]
[BlackElo "2124"]
[PlyCount "29"]
[EventDate "2001.??.??"]

1. e4 c5 2. Nf3 Nc6 3. d4 cxd4 4. Nxd4 Nf6 5. Nc3 e5 6. Ndb5 d6 7. Bg5 a6 8.
Na3 b5 9. Bxf6 gxf6 10. Nd5 f5 11. c3 Bg7 12. exf5 Bxf5 13. Nc2 Be6 14. Nce3 f5
15. Qh5+ {mambrino resigns} 1-0

[Event "ICS rated standard match"]
[Site "204.178.125.65"]
[Date "2001.07.15"]
[Round "?"]
[White "Hossa"]
[Black "WILDKNIGHTS"]
[Result "1-0"]
[WhiteElo "2202"]
[BlackElo "2153"]
[PlyCount "59"]
[EventDate "2001.??.??"]

1. d4 Nf6 2. c4 c5 3. d5 b5 4. cxb5 a6 5. bxa6 Bxa6 6. Nc3 d6 7. g3 g6 8. Nf3
Bg7 9. Bg2 Nbd7 10. O-O O-O 11. Bf4 Ng4 12. Qc2 Qa5 13. Bh3 h5 14. Bg2 Rfb8 15.
Bc1 Nge5 16. Ng5 Nc4 17. Nge4 f5 18. Bh3 Ra7 19. Ng5 Nxb2 20. Bd2 Nc4 21. Bxf5
gxf5 22. Qxf5 Nf6 23. Nce4 Nxd2 24. Nxf6+ exf6 25. Qh7+ Kf8 26. Ne6+ Ke8 27.
Qg8+ Kd7 28. Qf7+ Kc8 29. Qe8+ Kb7 30. Qc6# {WILDKNIGHTS checkmated} 1-0

[Event "ICS Rated standard match"]
[Site "204.178.125.65"]
[Date "2001.07.15"]
[Round "?"]
[White "WILDKNIGHTS"]
[Black "Hossa"]
[Result "0-1"]
[WhiteElo "2139"]
[BlackElo "2216"]
[PlyCount "42"]
[EventDate "2001.??.??"]

1. e4 e5 2. Nf3 Nc6 3. Bc4 Nf6 4. Ng5 d5 5. exd5 Na5 6. Bb5+ Bd7 7. Qe2 Be7 8.
Nc3 O-O 9. Bxd7 Qxd7 10. Qxe5 Rfe8 11. O-O Ng4 12. Qf4 Bd6 13. Qd4 Bxh2+ 14.
Kh1 Qf5 15. d3 Bd6 16. f3 Nh2 17. Rg1 h6 18. Nge4 Qh5 19. g4 Qh3 20. Nf2 Qxf3+
21. Rg2 Re1# {WILDKNIGHTS checkmated} 0-1

[Event "ICS rated bullet match"]
[Site "204.178.125.65"]
[Date "2001.07.15"]
[Round "?"]
[White "Hossa"]
[Black "basispoint"]
[Result "1-0"]
[WhiteElo "2578"]
[BlackElo "2033"]
[PlyCount "61"]
[EventDate "2001.??.??"]

1. d4 d6 2. g3 g6 3. Nf3 Bg7 4. Bg2 Nd7 5. O-O e5 6. dxe5 Nxe5 7. Nxe5 Bxe5 8.
c3 Bg7 9. Qb3 Nf6 10. Bxb7 Bxb7 11. Qxb7 O-O 12. Re1 d5 13. Na3 Rb8 14. Qxa7
Ne4 15. f3 Nd6 16. Rd1 c6 17. e4 dxe4 18. Bf4 Nb5 19. Rxd8 Nxa7 20. Rxb8 Rxb8
21. Bxb8 Nb5 22. Nxb5 cxb5 23. fxe4 Bf6 24. a4 Be7 25. axb5 Bc5+ 26. Kg2 Kg7
27. Be5+ f6 28. Bd4 Kh6 29. Bxc5 f5 30. e5 f4 31. gxf4 {basispoint resigns} 1-0

[Event "ICS rated blitz match"]
[Site "204.178.125.65"]
[Date "2001.07.15"]
[Round "?"]
[White "Hossa"]
[Black "NAMILK"]
[Result "1-0"]
[WhiteElo "2652"]
[BlackElo "2257"]
[PlyCount "111"]
[EventDate "2001.??.??"]

1. d4 Nf6 2. c4 g6 3. Nc3 Bg7 4. Nf3 d6 5. e4 O-O 6. Be2 e5 7. dxe5 dxe5 8. Bg5
c6 9. Qxd8 Rxd8 10. O-O Na6 11. Nxe5 Re8 12. f4 Nc5 13. Bf3 h6 14. Bh4 g5 15.
Bf2 gxf4 16. Bxc5 Rxe5 17. Bd6 Nd7 18. Bxe5 Bxe5 19. Rad1 Kf8 20. Bg4 Ke7 21.
Kf2 Nc5 22. Bxc8 Rxc8 23. Kf3 Rg8 24. Rd2 Ne6 25. Re1 Ng5+ 26. Kf2 Ne6 27. Ne2
a5 28. Red1 Nc5 29. Kf3 a4 30. Nxf4 Bxf4 31. Kxf4 Ne6+ 32. Ke3 Nc5 33. h3 Rg3+
34. Kf4 Rg6 35. Kf3 Rf6+ 36. Ke3 Re6 37. Rd4 Rg6 38. g4 h5 39. gxh5 Rg3+ 40.
Kf4 Rxh3 41. Kg4 Re3 42. h6 Re2 43. Rh1 Ne6 44. h7 Rg2+ 45. Kf3 Nxd4+ 46. Kxg2
Ne2 47. h8=Q Nf4+ 48. Kg3 Ng6 49. Qc8 Kf6 50. Rf1+ Ke5 51. Qf5+ Kd4 52. Rd1+
Kxc4 53. Rc1+ Kd4 54. Qc5+ Kxe4 55. Re1+ Kd3 56. Qc3# {NAMILK checkmated} 1-0

[Event "ICS rated blitz match"]
[Site "204.178.125.65"]
[Date "2001.07.15"]
[Round "?"]
[White "NAMILK"]
[Black "Hossa"]
[Result "0-1"]
[WhiteElo "2237"]
[BlackElo "2655"]
[PlyCount "64"]
[EventDate "2001.??.??"]

1. e4 e5 2. Nf3 Nc6 3. Bb5 a6 4. Bxc6 dxc6 5. d4 exd4 6. Qxd4 Qxd4 7. Nxd4 Bd7
8. O-O O-O-O 9. Nc3 Bg4 10. Nf3 Bxf3 11. gxf3 Bd6 12. Be3 Be5 13. Rad1 Ne7 14.
f4 Bxc3 15. bxc3 Rxd1 16. Rxd1 b6 17. f5 Rd8 18. Rd3 c5 19. Kg2 Nc6 20. f4 Rd7
21. Kf3 Na5 22. e5 Nc4 23. Ke4 Na3 24. e6 Re7 25. Ke5 Nc4+ 26. Kd5 Nd6 27. exf7
Rxf7 28. Ke6 Rf6+ 29. Ke5 Rxf5+ 30. Ke6 Rf6+ 31. Ke5 Kd7 32. Bf2 Rf5# {
NAMILK checkmated} 0-1

[Event "ICS rated blitz match"]
[Site "204.178.125.65"]
[Date "2001.07.15"]
[Round "?"]
[White "Hossa"]
[Black "NAMILK"]
[Result "1-0"]
[WhiteElo "2658"]
[BlackElo "2234"]
[PlyCount "61"]
[EventDate "2001.??.??"]

1. e4 c5 2. Nf3 Nc6 3. Bc4 e6 4. O-O a6 5. d4 cxd4 6. Nxd4 Qc7 7. Re1 Bd6 8. g3
Nf6 9. Nxc6 dxc6 10. Bg5 O-O 11. Bxf6 gxf6 12. Qh5 b5 13. Bd3 Be7 14. e5 f5 15.
g4 Kh8 16. gxf5 Rg8+ 17. Kf1 exf5 18. a4 c5 19. axb5 c4 20. Bxf5 Bxf5 21. Qxf5
Rg5 22. Qf4 Rag8 23. bxa6 Rg4 24. Qxg4 Rxg4 25. a7 Rg8 26. a8=Q Rxa8 27. Rxa8+
Kg7 28. Re3 Bg5 29. Rg3 Kh6 30. Rg8 Qxe5 31. Rh3+ {NAMILK resigns} 1-0

[Event "ICS rated standard match"]
[Site "204.178.125.65"]
[Date "2001.07.15"]
[Round "?"]
[White "Hossa"]
[Black "PostModernist"]
[Result "0-1"]
[WhiteElo "2229"]
[BlackElo "2420"]
[PlyCount "97"]
[EventDate "2001.??.??"]

1. d4 f5 2. c4 e6 3. Nf3 Nf6 4. g3 d5 5. cxd5 exd5 6. Bg2 Bd6 7. Nc3 c6 8. O-O
O-O 9. Bg5 Qe8 10. Qc2 Ne4 11. Be3 Bd7 12. Qb3 b6 13. Ng5 Nxg5 14. Bxg5 Be6 15.
Nb5 cxb5 16. Bxd5 Bf7 17. Qf3 Na6 18. Bc6 Qb8 19. a3 Nc7 20. Bf4 Bxf4 21. Qxf4
Ne6 22. Qd2 Rd8 23. e3 Nc5 24. Qd1 Bc4 25. Re1 a5 26. Qc2 Nb7 27. Qxf5 Nd6 28.
Qg5 Ra7 29. f4 Rc7 30. Bf3 Bf7 31. Bd5 Re8 32. Qh5 Rce7 33. Bxf7+ Rxf7 34. Rac1
Qb7 35. Rc3 Qe4 36. Qd1 Nf5 37. Rd3 Rd7 38. Kf2 Rd6 39. Qb3+ Kh8 40. Rc1 Rh6
41. h4 a4 42. Qc3 Nxg3 43. Rg1 Nf5 44. d5 Rxh4 45. Rg2 Rh3 46. Kg1 Rg8 47. Qd2
Nxe3 48. Rxe3 Rxe3 49. d6 {Hossa resigns} 0-1

[Event "ICS rated blitz match"]
[Site "204.178.125.65"]
[Date "2001.07.15"]
[Round "?"]
[White "Amateur"]
[Black "Hossa"]
[Result "0-1"]
[WhiteElo "2553"]
[BlackElo "2661"]
[PlyCount "138"]
[EventDate "2001.??.??"]

1. c4 e5 2. Nc3 Nc6 3. g3 g6 4. Bg2 Bg7 5. d3 Nge7 6. Nf3 d6 7. O-O O-O 8. Qa4
Bg4 9. c5 Qd7 10. cxd6 cxd6 11. Be3 d5 12. Bd2 Rfc8 13. Rac1 f6 14. b4 a6 15.
b5 axb5 16. Qxb5 d4 17. Ne4 Rxa2 18. Nc5 Qe8 19. Nxb7 Rb8 20. Qc4+ Qf7 21. Nd6
Qxc4 22. Nxc4 Be6 23. Ra1 Rxa1 24. Rxa1 e4 25. Ne1 Bxc4 26. dxc4 Rb2 27. Rd1 f5
28. c5 Kf7 29. g4 Ke6 30. gxf5+ gxf5 31. Kf1 Nd5 32. h3 Ra2 33. Bg5 Ra5 34. Rb1
Rxc5 35. Rb7 Bf6 36. h4 Nce7 37. Ra7 Bxg5 38. hxg5 Rc1 39. Ra6+ Nc6 40. Ra8
Ncb4 41. Re8+ Ne7 42. g6 hxg6 43. Rd8 Nc2 44. Kg1 Rxe1+ 45. Bf1 Rb1 46. Kg2 g5
47. Rh8 Nc6 48. Rh6+ Kd5 49. Rf6 Ne7 50. Rf7 Ke6 51. Rh7 d3 52. Rh6+ Kd5 53.
exd3 exd3 54. Rh8 Nc6 55. Rh7 Ne1+ 56. Kg3 f4+ 57. Kh2 Nf3+ 58. Kg2 d2 59. Rd7+
Ke6 60. Rxd2 Nxd2 61. Ba6 f3+ 62. Kh2 Rb8 63. Bd3 Rh8+ 64. Kg3 Ne5 65. Bf5+ Kf6
66. Bh3 Ne4+ 67. Kh2 Ng4+ 68. Kg1 Rxh3 69. Kf1 Rh1# {Amateur checkmated} 0-1

[Event "ICS rated blitz match"]
[Site "204.178.125.65"]
[Date "2001.07.15"]
[Round "?"]
[White "Hossa"]
[Black "Amateur"]
[Result "1-0"]
[WhiteElo "2672"]
[BlackElo "2542"]
[PlyCount "111"]
[EventDate "2001.??.??"]

1. e4 e5 2. Nf3 Nc6 3. d4 exd4 4. Nxd4 Bc5 5. Nxc6 Qf6 6. Qd2 dxc6 7. Nc3 Be6
8. Na4 Bd6 9. Qe3 Nh6 10. Be2 O-O 11. Nc5 Be5 12. c3 Bc8 13. f4 Bd6 14. e5 Qh4+
15. g3 Bxc5 16. Qxc5 Qh3 17. Bf1 Qf5 18. Qd4 Be6 19. Bd3 Qh5 20. Be2 Qg6 21.
O-O Bh3 22. Rd1 Nf5 23. Qf2 a5 24. b3 Rfd8 25. Ba3 Re8 26. Rd2 a4 27. Bc4 axb3
28. axb3 Nh4 29. Bd3 Nf5 30. Bc2 Qh5 31. Rd3 Nh6 32. Rd4 Ng4 33. Qe2 c5 34. Rd7
Qh6 35. Rd5 b6 36. Rd2 Ra5 37. b4 cxb4 38. cxb4 Raa8 39. Be4 Ra7 40. b5 Ra5 41.
Rc2 Ra7 42. Bb2 Rxa1+ 43. Bxa1 g5 44. Rxc7 gxf4 45. Bd5 fxg3 46. Bxf7+ Kf8 47.
Bxe8 gxh2+ 48. Kh1 Kxe8 49. Qf3 Kd8 50. Rc6 Qg7 51. Rd6+ Ke8 52. Qc6+ Qd7 53.
Qxd7+ Kf8 54. Qc8+ Kg7 55. Qc7+ Kh8 56. Rd8# {Amateur checkmated} 1-0

[Event "ICS rated bullet match"]
[Site "204.178.125.65"]
[Date "2001.07.15"]
[Round "?"]
[White "BahaBoy"]
[Black "Hossa"]
[Result "0-1"]
[WhiteElo "2269"]
[BlackElo "2585"]
[PlyCount "96"]
[EventDate "2001.??.??"]

1. e3 Nf6 2. d4 g6 3. c4 Bg7 4. Nc3 d5 5. g3 O-O 6. cxd5 Nxd5 7. Nge2 Nxc3 8.
Nxc3 c5 9. d5 Qa5 10. Bg2 Bxc3+ 11. bxc3 Qxc3+ 12. Bd2 Qd3 13. Qe2 Qxe2+ 14.
Kxe2 Na6 15. Rab1 Rd8 16. d6 Rxd6 17. Bxb7 Rb8 18. Bxc8 Rxc8 19. Rb7 Rc7 20.
Rb5 Rb6 21. Ra5 c4 22. Rc1 Kg7 23. Bc3+ f6 24. Bd4 Rbc6 25. Ra3 e5 26. Bb2 Nb4
27. Rac3 Nxa2 28. R3c2 Nxc1+ 29. Rxc1 c3 30. Ba1 a5 31. Rc2 a4 32. Kd3 e4+ 33.
Kxe4 a3 34. Kd3 Rd7+ 35. Ke2 a2 36. Rxa2 c2 37. Bb2 c1=N+ 38. Bxc1 Rxc1 39. Kf3
Rc6 40. Kg2 f5 41. Rb2 g5 42. Ra2 Kf6 43. Ra5 Rd2 44. Ra8 Rcc2 45. Rf8+ Ke6 46.
Re8+ Kf7 47. Re5 Rxf2+ 48. Kh3 Rxh2# {BahaBoy checkmated} 0-1

[Event "ICS rated bullet match"]
[Site "204.178.125.65"]
[Date "2001.07.15"]
[Round "?"]
[White "Hossa"]
[Black "BahaBoy"]
[Result "1-0"]
[WhiteElo "2589"]
[BlackElo "2265"]
[PlyCount "95"]
[EventDate "2001.??.??"]

1. d4 d6 2. g3 Nf6 3. Bg2 g6 4. Nf3 Bg7 5. O-O O-O 6. c4 c6 7. Nc3 Qa5 8. e4
Qh5 9. b4 Bh3 10. Bxh3 Qxh3 11. Ng5 Qd7 12. e5 dxe5 13. dxe5 Qxd1 14. Rxd1 Nfd7
15. f4 e6 16. g4 h6 17. Nf3 Nb6 18. c5 Nd5 19. Ne4 Nxb4 20. Rb1 Nd5 21. Rxb7
Na6 22. Nd4 Rfb8 23. Rd7 Rc8 24. h4 Nab4 25. a3 Na6 26. Bd2 Rab8 27. Rxa7 Nac7
28. Nd6 Nb5 29. N4xb5 cxb5 30. Nxc8 Rxc8 31. Rc1 Bf8 32. c6 Nb6 33. Bb4 Nc4 34.
Bxf8 Kxf8 35. a4 Rxc6 36. axb5 Rc8 37. Ra4 Nb6 38. Rxc8+ Nxc8 39. Ra8 Ke7 40.
Rxc8 Kd7 41. Rc4 Kd8 42. b6 Ke7 43. b7 Kf8 44. b8=Q+ Kg7 45. Rc8 g5 46. Rg8+
Kh7 47. Rh8+ Kg6 48. Qg8# {BahaBoy checkmated} 1-0

[Event "ICS rated blitz match"]
[Site "204.178.125.65"]
[Date "2001.07.15"]
[Round "?"]
[White "Amateur"]
[Black "Hossa"]
[Result "0-1"]
[WhiteElo "2532"]
[BlackElo "2682"]
[PlyCount "106"]
[EventDate "2001.??.??"]

1. e4 c6 2. d4 d5 3. Nc3 dxe4 4. Nxe4 Nd7 5. Bc4 Ngf6 6. Ng5 e6 7. Qe2 Nb6 8.
Bd3 h6 9. N5f3 c5 10. dxc5 Bxc5 11. Ne5 Nbd7 12. Ngf3 Qc7 13. Bf4 Bb4+ 14. Nd2
Bxd2+ 15. Kxd2 O-O 16. Rhd1 Nd5 17. Bg3 Nc5 18. Kc1 Nxd3+ 19. Nxd3 Qc4 20. Nf4
Qxe2 21. Nxe2 Bd7 22. Nc3 Nxc3 23. Rxd7 Ne2+ 24. Kd2 Nxg3 25. hxg3 Rfd8 26.
Rxd8+ Rxd8+ 27. Kc3 f5 28. Rh1 Kf7 29. Rh4 Kf6 30. Rc4 b5 31. Rc7 a5 32. Rc5
b4+ 33. Kb3 Rd2 34. g4 Rxf2 35. gxf5 Rxf5 36. Rxf5+ exf5 37. Ka4 f4 38. b3 g5
39. c4 bxc3 40. Ka3 g4 41. b4 axb4+ 42. Kb3 f3 43. gxf3 gxf3 44. a3 bxa3 45.
Kxa3 c2 46. Kb2 c1=Q+ 47. Kxc1 f2 48. Kd2 f1=Q 49. Kc3 Ke5 50. Kb4 Kd4 51. Ka4
Kc4 52. Ka5 Qf6 53. Ka4 Qa6# {Amateur checkmated} 0-1

[Event "ICS rated blitz match"]
[Site "204.178.125.65"]
[Date "2001.07.15"]
[Round "?"]
[White "Hossa"]
[Black "kidza"]
[Result "1-0"]
[WhiteElo "2691"]
[BlackElo "2053"]
[PlyCount "33"]
[EventDate "2001.??.??"]

1. e4 e5 2. Nf3 Nc6 3. Bb5 a6 4. Ba4 Nf6 5. O-O Be7 6. d4 exd4 7. Re1 O-O 8. e5
Ne8 9. Nxd4 f6 10. Nxc6 dxc6 11. Bb3+ Kh8 12. Qxd8 Bxd8 13. e6 Be7 14. Bf4 Nd6
15. Nc3 f5 16. Be5 c5 17. Nd5 {kidza resigns} 1-0

[Event "ICS rated blitz match"]
[Site "204.178.125.65"]
[Date "2001.07.15"]
[Round "?"]
[White "lambChop"]
[Black "Hossa"]
[Result "1-0"]
[WhiteElo "2762"]
[BlackElo "2692"]
[PlyCount "82"]
[EventDate "2001.??.??"]

1. e4 e5 2. Nf3 Nf6 3. Nxe5 d6 4. Nf3 Nxe4 5. d4 Be7 6. Bd3 d5 7. O-O Nc6 8.
Re1 Bf5 9. Nbd2 Nxd2 10. Qxd2 Bxd3 11. Qxd3 O-O 12. Re2 Re8 13. Bf4 Qd7 14.
Rae1 Nb4 15. Qc3 Bf8 16. Ne5 Qf5 17. g3 Nxa2 18. Qf3 c6 19. g4 Qc8 20. c3 f6
21. Nd3 Rxe2 22. Qxe2 f5 23. g5 c5 24. dxc5 Qc6 25. Bd6 Qd7 26. Qe5 Qf7 27. Nf4
d4 28. Qxd4 a5 29. Ne6 Re8 30. Bxf8 Nc1 31. Qd6 Nd3 32. Re2 Nxb2 33. Bxg7 Nc4
34. Qd5 Nd2 35. Rxd2 Rxe6 36. Bf6 a4 37. Qxf5 a3 38. Kg2 Kf8 39. f3 a2 40. Rxa2
Re8 41. Ra7 Kg8 {Hossa resigns} 1-0

[Event "ICS rated blitz match"]
[Site "204.178.125.65"]
[Date "2001.07.15"]
[Round "?"]
[White "Hossa"]
[Black "lambChop"]
[Result "0-1"]
[WhiteElo "2679"]
[BlackElo "2775"]
[PlyCount "97"]
[EventDate "2001.??.??"]

1. e4 c6 2. d4 d5 3. Nc3 dxe4 4. Nxe4 Bf5 5. Ng3 Bg6 6. h4 h6 7. h5 Bh7 8. Nf3
Nd7 9. Bd3 Bxd3 10. Qxd3 Qc7 11. Bd2 Ngf6 12. O-O-O e6 13. Qe2 c5 14. Kb1 O-O-O
15. Ne5 Nb6 16. dxc5 Bxc5 17. Ba5 Kb8 18. Rd3 Rd5 19. Rxd5 Nfxd5 20. Nd3 Rd8
21. Nxc5 Qxc5 22. Qe5+ Ka8 23. Bxb6 Qxb6 24. Rf1 f6 25. Qe1 Nf4 26. Rg1 e5 27.
Nf5 Rd7 28. Ng3 Qd8 29. Qf1 Nxg2 30. Nf5 Rd2 31. f3 Qc7 32. Qc1 Rf2 33. Qd1 a6
34. Rh1 Nf4 35. Nd6 Nd5 36. Nf5 Qc6 37. a3 Qb5 38. Kc1 Qc4 39. Kb1 Qf4 40. Nxg7
Qxf3 41. Ne8 e4 42. Qxf3 exf3 43. Rd1 Ne3 44. Rd3 Re2 45. Rd8+ Ka7 46. Rd4 f2
47. Rf4 f5 48. Nd6 Re1+ 49. Ka2 {Hossa resigns} 0-1

[Event "ICS rated blitz match"]
[Site "204.178.125.65"]
[Date "2001.07.15"]
[Round "?"]
[White "kidza"]
[Black "Hossa"]
[Result "0-1"]
[WhiteElo "2052"]
[BlackElo "2667"]
[PlyCount "96"]
[EventDate "2001.??.??"]

1. e4 c6 2. d4 d5 3. exd5 cxd5 4. Bd3 Nc6 5. c3 g6 6. Bf4 Bh6 7. Qc1 Bxf4 8.
Qxf4 Nf6 9. Nf3 Nh5 10. Qh4 Qb6 11. b3 f6 12. O-O Qc7 13. Re1 Bd7 14. Nbd2
O-O-O 15. c4 Nf4 16. Bf1 g5 17. Qg3 e5 18. dxe5 Nh5 19. cxd5 Nxg3 20. dxc6 Bxc6
21. hxg3 g4 22. exf6 gxf3 23. Re7 Qd6 24. Ne4 Bxe4 25. Rxe4 Qxf6 26. Rc1+ Kb8
27. gxf3 Rd2 28. Bg2 Rxa2 29. Rec4 Qb2 30. Rf1 Qxb3 31. Rg4 Rg8 32. Re4 Qb2 33.
f4 Rxg3 34. Re7 Rg7 35. Re8+ Kc7 36. Kh2 Qd4 37. Rf8 Rxg2+ 38. Kxg2 Qg7+ 39.
Kf3 Ra3+ 40. Ke4 Qe7+ 41. Kf5 Qxf8+ 42. Kg5 Qg7+ 43. Kh4 Qf6+ 44. Kg4 h5+ 45.
Kxh5 Qf5+ 46. Kh6 Rh3+ 47. Kg7 Rh7+ 48. Kg8 Qf7# {kidza checkmated} 0-1